000 00781nam a2200241 i 4500
001 C2-0126216
003 PPAK
005 20180727115421.0
008 970911s1979 my |||| ||||| | may d
040 _aPPAK
_beng
_cPPAK
_erda
082 0 4 _a499.23
_223
090 0 0 _a499.23
_bUNI
_dKIH
110 2 _aUniversiti Malaya. Pusat Bahasa. Bahagian Bahasa Malaysia
245 0 0 _aKesalahan umum dan pembetulannya :
_bsatu penyelidikan bahasa Malaysia
264 1 _aKuala Lumpur :
_bDewan Bahasa dan Pustaka ,
_c1979
300 _a56 pages ;
_c27 cm
336 _2rdacontent
_atext
337 _2rdamedia
_aunmediated
338 _2rdacarrier
_avolume
650 1 0 _aMalay language
710 2 _aUniversiti Malaya. Pusat Bahasa. Bahagian Bahasa Malaysia
_eorganizer
942 _ddc
_cB
999 _c37218
_d37218